Tiszatáj 1995/6
Elmentve itt :
| Dokumentumtípus: | Folyóirat |
|---|---|
| Megjelent: |
1995
|
| Sorozat: | Tiszatáj
49 No. 6 |
| Online Access: | http://tiszataj.bibl.u-szeged.hu/416 |
| LEADER | 00437nas a2200145 i 4500 | ||
|---|---|---|---|
| 001 | tisza416 | ||
| 005 | 20200415090903.0 | ||
| 008 | 160906s1995 hu o 0|| hun d | ||
| 022 | |a 0133-1167 | ||
| 040 | |a SZTE Tiszatáj Archívum |b hun | ||
| 041 | |a hun | ||
| 245 | 0 | 0 | |a Tiszatáj 1995/6 |h [elektronikus dokumentum] |
| 260 | |c 1995 | ||
| 490 | 0 | |a Tiszatáj |v 49 No. 6 | |
| 856 | 4 | 0 | |u http://tiszataj.bibl.u-szeged.hu/416/1/tiszataj_1995_006.pdf |z Dokumentum-elérés |